5HLuxD.jpg

KING HENRY VIII SENIOR AND PRIMARY SCHOOL LIBRARY OPAC

JUNIOR DICTIONARY (Record no. 5560)

000 -LEADER
fixed length control field 00675nam a22002057a 4500
005 - DATE AND TIME OF LATEST TRANSACTION
control field 20251009100831.0
008 - FIXED-LENGTH DATA ELEMENTS--GENERAL INFORMATION
fixed length control field 251009b ||||| |||| 00| 0 eng d
020 ## - INTERNATIONAL STANDARD BOOK NUMBER
International Standard Book Number 9781782099680
040 ## - CATALOGING SOURCE
Transcribing agency KH8
082 ## - DEWEY DECIMAL CLASSIFICATION NUMBER
Classification number 423 KEL
100 ## - MAIN ENTRY--PERSONAL NAME
Personal name KELLY,MILES
Relator term AUTHOR
Language of a work ENGLISH
245 ## - TITLE STATEMENT
Title JUNIOR DICTIONARY
260 ## - PUBLICATION, DISTRIBUTION, ETC.
Place of publication, distribution, etc. HARDING'S BARN,BARDFIELD END GREEN,THAXTED,ESSEX,CM6 3PX,UK
Name of publisher, distributor, etc. MILES KELLY PUBLISHING LTD
Date of publication, distribution, etc. 2016
300 ## - PHYSICAL DESCRIPTION
Extent 192 pages
Other physical details colour illustrations
Dimensions 29 cm x 22 cm
500 ## - GENERAL NOTE
General note “Fully illustrated dictionary intended for children.”
650 ## - SUBJECT ADDED ENTRY--TOPICAL TERM
Source of heading or term Dictionaries
655 ## - INDEX TERM--GENRE/FORM
Genre/form data or focus term Illustrated dictionaries
700 ## - ADDED ENTRY--PERSONAL NAME
Personal name Kelly,Richard
Relator term Illustrator
942 ## - ADDED ENTRY ELEMENTS (KOHA)
Source of classification or shelving scheme
Koha item type Books - Non Ficton
Holdings
Withdrawn status Lost status Source of classification or shelving scheme Damaged status Not for loan Collection code Permanent Location Current Location Shelving location Date acquired Full call number Barcode Date last seen Price effective from Koha item type Public note
          Non-Fiction KH8 Primary School Library KH8 Primary School Library Non Fiction 2025-10-02 423 KEL KHPL000007270 2025-10-02 2025-10-02 Books - Non Ficton PRIMARY LIBRARY

Powered By KH8 IT Dept